| 000 | 00705nam a2200193 i 4500 | ||
|---|---|---|---|
| 001 | 62662 | ||
| 003 | ES-MaACL | ||
| 005 | 20250905141223.0 | ||
| 007 | t| | ||
| 008 | 031124s1982 sp ||||1| spa d | ||
| 100 | 1 |
_aFernández-Arias Campoamor, José. _949478 |
|
| 245 | 1 | 0 |
_aFernando Villaamil y su frustración política / _cpor José Fernández-Arias Campoamor. |
| 260 |
_aGranda-Siero (Oviedo) : _b[s.n., _c1982] ( _f"La Cruz") |
||
| 300 |
_a12 h. ; _c24 cm. |
||
| 595 | _aSeparata de: Boletín del Instituto de Estudios Asturianos, año 36, n. 105-106, en-ag. 1982, p. 231-251. | ||
| 600 | 1 | 7 |
_aVillaamil, Fernando, _d1845-1898 _2 _9133732 |
| 852 |
_aES-MaACL _j2130-F-4 |
||
| 999 |
_c62662 _d62662 |
||